The seven cities of Delhi / (Record no. 51359)
[ view plain ]
| 000 -LEADER | |
|---|---|
| fixed length control field | 01631nam a22002777a 4500 |
| 005 - DATE AND TIME OF LATEST TRANSACTION | |
| control field | 20110401114058.0 |
| 010 ## - LCCN (DPL NO) | |
| LC control number | B-425065-066 B-477206 |
| 020 ## - INTERNATIONAL STANDARD BOOK NUMBER | |
| International Standard Book Number | 9788173053146 |
| Terms of availability | 1500.00 |
| 035 ## - SYSTEM CONTROL NUMBER | |
| System control number | B-425065-066 B-477206 |
| 037 ## - SOURCE OF ACQUISITION | |
| Source of stock number/acquisition | Researchco Book Centre |
| 037 ## - SOURCE OF ACQUISITION | |
| Source of stock number/acquisition | K.K.Pub/Ven |
| 082 ## - DEWEY DECIMAL CLASSIFICATION NUMBER | |
| Classification number | 954.16 |
| 100 1# - MAIN ENTRY--PERSONAL NAME | |
| Personal name | Hearn, Gordon Risley |
| 245 14 - TITLE STATEMENT | |
| Title | The seven cities of Delhi / |
| Statement of responsibility, etc | by Gordon Risley Hearn; edited & revised with introduction by Nalini Thakur |
| 260 ## - PUBLICATION, DISTRIBUTION, ETC. (IMPRINT) | |
| Place of publication, distribution, etc | New Delhi |
| Name of publisher, distributor, etc | Aryan Books International |
| Date of publication, distribution, etc | 2010 |
| 270 ## - ADDRESS | |
| Address | Pooja Apartments, 4 B, Ansari Road, |
| City | New Delhi |
| Postal code | 110002 |
| 300 ## - PHYSICAL DESCRIPTION | |
| Extent | xiv, 173 p. |
| Other physical details | b&w photos; map |
| Dimensions | 26cm(Hb) |
| 500 ## - GENERAL NOTE | |
| General note | Includes index |
| 700 ## - ADDED ENTRY--PERSONAL NAME | |
| Personal name | Thakur, Nalini |
| 9 (RLIN) | 26920 |
| 942 ## - ADDED ENTRY ELEMENTS (KOHA) | |
| Source of classification or shelving scheme | Dewey Decimal Classification |
| Item type | English Books |
| Call number suffix | HEA |
| Classification part | 954.16 |
| Withdrawn status | Lost status | Not for loan | Collection code | Home library | Current library | Date acquired | Source of acquisition | Cost, normal purchase price | Full call number | Barcode | Copy number | Cost, replacement price | Koha item type |
|---|---|---|---|---|---|---|---|---|---|---|---|---|---|
| Not For Loan | Reference | Central Library | Central Library | 09/08/2011 | Researchco Book Centre/RBC-22386/2011-12/14.3.11/76/4.3.11/23.3.11 | 1500.00 | 954.16 HEA | B-425063 | 1 | 1500.00 | English Books | ||
| Not For Loan | Reference | Central Library | Central Library | 08/08/2012 | K.K.Pub/1907/30.3.2012/SP/45/30.03.2012/30.03.2012 | 1500.00 | 954.16 HEA | B-477206 | 1 | 1500.00 | English Books | ||
| Not For Loan | Reference | Sarojini Nagar | Sarojini Nagar | 09/08/2011 | Researchco Book Centre/RBC-22386/2011-12/14.3.11/76/4.3.11/23.3.11 | 1500.00 | 954.16 HEA | B-425064 | 1 | 1500.00 | English Books |
